|
|
|
|
| LEADER |
00000nkm a2200000 a 4500 |
| 001 |
vtls011974589 |
| 003 |
SK-MaSNL |
| 005 |
20260512123144.0 |
| 007 |
kp bo |
| 008 |
231120s1958 xo |g||||| |00 kuslo |
| 015 |
|
|
|a SNBG1958
|
| 035 |
|
|
|a urn:nbn:sk:snk-km00ebql
|
| 035 |
|
|
|a urn:nbn:sk:snk-km43ffm
|
| 035 |
|
|
|a F93BE61D-FE50-4C6D-B622-5C7541B7674C
|
| 040 |
|
|
|a SNK
|b slo
|c SNK
|e AACR2
|
| 041 |
0 |
|
|a slo
|
| 043 |
|
|
|a e-xo---
|
| 044 |
|
|
|a xo
|c SK
|
| 072 |
|
7 |
|a 908(437)
|x Vlastiveda Česka a Slovenska
|2 konspekt
|
| 080 |
|
|
|a 908(437.6)
|2 2011
|
| 080 |
|
|
|a (084.121)
|2 2001
|
| 080 |
|
|
|a 551.24.055
|2 2011
|
| 080 |
|
|
|a 391
|2 2011
|
| 245 |
0 |
0 |
|a Malá Fatra - Vrátna
|h grafika
|b Veľký a Malý Rozsutec
|
| 260 |
|
|
|a Martin
|b Osveta
|a Bratislava
|b PŠK - HSV
|c 1958
|
| 300 |
|
|
|a 1 pohľadnica
|b čiernobiela
|c 15 x 11 cm
|
| 520 |
8 |
|
|a Zobrazenie: Pohľad na Malý a Veľký Rozsutec v popredí na lúke hrabú seno dve ženy v kroji a majú pri sebe drevený rebriňák
|
| 650 |
0 |
7 |
|a vrchy a štíty
|2 SNKPH
|9 165131
|
| 650 |
0 |
7 |
|a poľné práce
|2 SNKPH
|9 356978
|
| 650 |
0 |
7 |
|a ľudové odevy
|2 SNKPH
|9 85297
|
| 651 |
|
7 |
|a Malá Fatra (Slovensko : pohorie)
|2 SNKPHgeo
|9 56372
|
| 651 |
|
7 |
|a Malý Rozsutec (Malá Fatra, Slovensko : vrch)
|2 SNKPHgeo
|9 15014
|
| 651 |
|
7 |
|a Veľký Rozsutec (Malá Fatra, Slovensko : vrch)
|2 SNKPHgeo
|9 56715
|
| 651 |
|
7 |
|a Vrátna dolina (Slovensko)
|2 SNKPHgeo
|9 160644
|
| 655 |
|
7 |
|a geografické pohľadnice
|2 SNKPH
|9 70522
|
| 852 |
|
|
|a Slovenská národná knižnica
|
| 954 |
|
|
|a pohľadnice pôvodné (slovenské)
|2 lita
|
| 958 |
|
|
|a GC
|
| 958 |
|
|
|a OND
|
| 958 |
|
|
|a GBN
|
| 958 |
|
|
|a EUIPO
|
| 999 |
|
|
|c 693990
|d 695920
|
| 952 |
|
|
|a SNK
|b SNK
|y PREZ
|7 0
|p 17A1378526
|o snkSP 127082
|0 0
|1 0
|4 0
|d 2020-06-17
|f 1
|l 0
|r 2026-02-23 20:36:58
|w 2026-02-23
|